000 01236cam a22003614a 4500
001 1776
003 FISKH
005 20231002140952.0
008 110728s2012 nyua j b 001 0 eng
010 _a 2011030956
020 _a9780531208571 (library binding)
020 _a0531208575 (library binding)
020 _a9780531209264 (pbk.)
020 _a0531209261 (pbk.)
035 _a(OCoLC)ocn745428758
040 _aDLC
_cDLC
_dBTCTA
_dBDX
_dMLY
_dZQP
_dJP3
_dDLC
_beng
050 0 0 _aGV881.5
_b.M33 2012
082 0 0 _a796.357/8
_223
100 1 _aMara, Wil.
245 1 0 _aTee Ball /
_cby Wil Mara.
260 _aNew York :
_bScholastic,
_c2012.
300 _a32 pages :
_bcolor illustrations ;
_c19 cm.
490 1 _aRookie read about sports
505 _aH
520 _aExplains the basic rules of tee ball and includes tips on good sportsmanship and nutrition.
521 8 _a410
_bLexile
521 8 _aH
_bRaz-Plus
650 0 _aT-ball
_vJuvenile literature.
830 0 _aRookie read-about sports.
906 _a7
_bcbc
_corignew
_d1
_eecip
_f20
_gy-gencatlg
942 _2ddc
_cBK
_n0
999 _c1776
_d1776